[Event "Open DLF"]
[Site "Udine ITA"]
[Date "2007.02.07"]
[Round "3"]
[White "Tassinari, Luca"]
[Black "Capaliku, Aleks"]
[Result "1-0"]
[WhiteElo "1856"]
[BlackElo "2107"]
[PlyCount "127"]
[EventDate "2007.01.24"]

1. e4 e5 2. Nf3 Nc6 3. d4 exd4 4. Bc4 d6 5. Nxd4 Nxd4 6. Qxd4 Qf6 7. Be3 Be6 8.
Nd2 Qxd4 9. Bxd4 Ne7 10. O-O-O a6 11. Rhe1 Nc6 12. Bc3 Be7 13. f4 O-O 14. Re3
Bxc4 15. Nxc4 b5 16. Rg3 f6 17. Ne3 Rae8 18. Nf5 g6 19. Re1 Bd8 20. h4 Ne7 21.
Nd4 Kf7 22. e5 dxe5 23. fxe5 Nd5 24. e6+ Ke7 25. Rd3 Kd6 26. Nb3 a5 27. Bd4 Be7
28. Nxa5 c6 29. b3 Kc7 30. c4 Nf4 31. Rf3 Bb4 32. Bc3 Bxc3 33. Rxc3 Kb6 34. b4
Rxe6 35. Rxe6 Nxe6 36. cxb5 c5 37. a4 Rc8 38. Nc4+ Kc7 39. b6+ Kc6 40. b5+ Kd5
41. b7 Rb8 42. Na5 Nd4 43. Rd3 Kd6 44. Kd2 Kc7 45. Re3 Kb6 46. Nc4+ Kxb7 47.
Re7+ Ka8 48. Rxh7 Rd8 49. Kc3 Ne2+ 50. Kb2 Rd4 51. Nb6+ Kb8 52. Nd7+ Kc8 53.
Nxc5 Rc4 54. Ne6 Re4 55. Re7 Nf4 56. Re8+ Kd7 57. Nc5+ Kxe8 58. Nxe4 Nxg2 59.
b6 Kd7 60. Nc5+ Kc6 61. a5 Ne3 62. b7 Kc7 63. a6 Nc4+ 64. Ka2 1-0

[Event "Open DLF"]
[Site "Udine ITA"]
[Date "2007.02.14"]
[Round "4"]
[White "Agostino, Alessandro"]
[Black "Cellante, Francesco"]
[Result "1-0"]
[WhiteElo "1592"]
[BlackElo "1422"]
[PlyCount "63"]
[EventDate "2007.01.24"]

1. f4 e5 2. fxe5 d6 3. exd6 Bxd6 4. Nf3 g5 5. c3 g4 6. Qa4+ Nc6 7. Nd4 Qh4+ 8.
g3 Bxg3+ 9. hxg3 Qxh1 10. Nb5 Kd8 11. Qf4 Nge7 12. Qxc7+ Ke8 13. d4 Qd5 14. c4
Qd7 15. Qf4 Ng6 16. Nd6+ Kf8 17. Qf6 h6 18. e4 Qe7 19. Qxe7+ Kxe7 20. Nb5 Rd8
21. d5 Nce5 22. Be2 h5 23. Bd2 a5 24. N1c3 f5 25. Bg5+ Kd7 26. Bxd8 Kxd8 27.
O-O-O Ra6 28. Rh1 fxe4 29. Nxe4 Bf5 30. Nc5 Rf6 31. Nxb7+ Ke7 32. Rxh5 1-0

[Event "Open DLF"]
[Site "Udine ITA"]
[Date "2007.02.14"]
[Round "4"]
[White "Alessandro, Sergio"]
[Black "Di Tomaso, Fausto"]
[Result "1/2-1/2"]
[WhiteElo "1676"]
[BlackElo "1541"]
[PlyCount "117"]
[EventDate "2007.01.24"]

1. Nf3 Nf6 2. b4 b6 3. Bb2 e6 4. b5 d5 5. e3 Be7 6. c4 Bb7 7. Nc3 O-O 8. Be2 a6
9. a4 a5 10. O-O Re8 11. cxd5 exd5 12. Qc2 c5 13. bxc6 Nxc6 14. Bb5 Nb4 15. Qb3
Rf8 16. d4 Rc8 17. Ne5 Bd6 18. Rfd1 Bxe5 19. dxe5 Ng4 20. Be2 Qh4 21. Bxg4 Qxg4
22. Rd4 Qg6 23. Ba3 Qc2 24. Qxc2 Nxc2 25. Bxf8 Kxf8 26. Rc1 Nxd4 27. exd4 Ba6
28. Na2 Rxc1+ 29. Nxc1 Bc4 30. f4 b5 31. axb5 Bxb5 32. Na2 Ke7 33. Nc3 Bc4 34.
Kf2 f6 35. Ke3 fxe5 36. dxe5 Ke6 37. g4 g5 38. Na4 gxf4+ 39. Kxf4 Ke7 40. Ke3
Bb5 41. Nc5 a4 42. Kd4 Bc6 43. g5 Kf7 44. h4 Kg6 45. e6 Kf5 46. e7 a3 47. Kc3
Ke5 48. Nb7 Ke6 49. Nd8+ Kxe7 50. Nxc6+ Ke6 51. Kb3 Kf5 52. Nd4+ Kg4 53. Nf3 d4
54. Kxa3 Kxf3 55. h5 d3 56. g6 hxg6 57. hxg6 d2 58. g7 d1=Q 59. g8=Q 1/2-1/2

[Event "Open DLF"]
[Site "Udine ITA"]
[Date "2007.02.14"]
[Round "4"]
[White "Capaliku, Aleks"]
[Black "Gentile, Bruno"]
[Result "1-0"]
[WhiteElo "2107"]
[BlackElo "1404"]
[PlyCount "63"]
[EventDate "2007.01.24"]

1. a3 e5 2. c4 Nf6 3. e3 Bc5 4. b4 Be7 5. Bb2 d6 6. d3 O-O 7. Nf3 Bg4 8. Be2
Qd7 9. Nbd2 c6 10. Rc1 a5 11. O-O axb4 12. axb4 Bf5 13. e4 Bg6 14. c5 Na6 15.
Nc4 Qc7 16. cxd6 Bxd6 17. b5 Nc5 18. Nxd6 Qxd6 19. Bxe5 Qe7 20. bxc6 bxc6 21.
Bxf6 gxf6 22. Qc2 Ra5 23. Qc3 Rfa8 24. Nd4 Qe5 25. Nxc6 Qxc3 26. Rxc3 Na4 27.
Rc4 Rc5 28. Rxc5 Nxc5 29. f4 Ra2 30. Re1 h6 31. f5 Bh7 32. Kf1 1-0

[Event "Open DLF"]
[Site "Udine ITA"]
[Date "2007.02.14"]
[Round "4"]
[White "La Mura, Giuseppe"]
[Black "Degano, Emanuele"]
[Result "1-0"]
[WhiteElo "1901"]
[BlackElo "1623"]
[PlyCount "59"]
[EventDate "2007.01.24"]

1. e4 c5 2. c4 Nc6 3. Nc3 g6 4. g3 Bg7 5. Bg2 Nf6 6. Nge2 d6 7. d3 O-O 8. O-O
Ne8 9. Be3 b6 10. Qd2 Bb7 11. f4 Nd4 12. Rf2 f5 13. Raf1 Nf6 14. h3 Nd7 15.
Bxd4 Bxd4 16. Nxd4 cxd4 17. Nb5 Nc5 18. b4 fxe4 19. dxe4 Nxe4 20. Qxd4 e5 21.
Qe3 Nxf2 22. Bxb7 Nxh3+ 23. Kg2 exf4 24. Qe6+ Kg7 25. Qxh3 Rb8 26. Nd4 Qe7 27.
Ne6+ Kh8 28. Bd5 Rf5 29. Nxf4 Rxd5 30. Nxg6+ 1-0

[Event "Open DLF"]
[Site "Udine ITA"]
[Date "2007.02.14"]
[Round "4"]
[White "Maestri, Roberto"]
[Black "Guida, Giulia"]
[Result "1-0"]
[WhiteElo "1609"]
[BlackElo "1377"]
[PlyCount "65"]
[EventDate "2007.01.24"]

1. e4 e5 2. d4 exd4 3. c3 dxc3 4. Bc4 cxb2 5. Bxb2 d5 6. Bxd5 Nf6 7. Bxf7+ Kxf7
8. Qxd8 Bb4+ 9. Qd2 Bxd2+ 10. Nxd2 Re8 11. f3 c5 12. Nc4 Nxe4 13. Ne2 b5 14.
Ne5+ Kg8 15. fxe4 Nd7 16. Nxd7 Bxd7 17. e5 b4 18. O-O-O Ba4 19. Rd5 Rac8 20.
Kd2 Red8 21. Rxd8+ Rxd8+ 22. Ke3 Kf7 23. Rf1+ Ke7 24. Rc1 Rc8 25. Nf4 c4 26.
Nd5+ Ke6 27. Nxb4 a5 28. Nd3 Rc6 29. Nf4+ Kf5 30. h3 Bb5 31. g3 g6 32. Nd5 Ra6
33. Nc7 1-0

[Event "Open DLF"]
[Site "Udine ITA"]
[Date "2007.02.14"]
[Round "4"]
[White "Menon, Michele"]
[Black "Muradore, Aldo"]
[Result "1-0"]
[WhiteElo "1777"]
[BlackElo "1544"]
[PlyCount "55"]
[EventDate "2007.01.24"]

1. Nf3 Nf6 2. g3 d5 3. Bg2 e6 4. d3 h6 5. Nbd2 c5 6. c3 Nc6 7. O-O Bd6 8. e4
dxe4 9. dxe4 Qc7 10. Nc4 Be7 11. e5 Nd7 12. Nd6+ Kf8 13. Nc4 Nb6 14. Qe2 Nd5
15. a4 b6 16. Ne3 Bb7 17. Nxd5 exd5 18. e6 f6 19. Nh4 Ne5 20. f4 g5 21. Nf5 h5
22. fxe5 Qc8 23. Nxe7 Kxe7 24. exf6+ Kd6 25. Bxg5 Ba6 26. Bf4+ Kc6 27. c4 Bxc4
28. Qxc4 1-0

[Event "Open DLF"]
[Site "Udine ITA"]
[Date "2007.02.14"]
[Round "4"]
[White "Paiaro, Solivano"]
[Black "Bisaro, Andrea"]
[Result "0-1"]
[WhiteElo "1425"]
[BlackElo "1506"]
[PlyCount "64"]
[EventDate "2007.01.24"]

1. e4 g6 2. Nf3 Bg7 3. Bc4 c5 4. d3 Nc6 5. c3 Na5 6. Bb3 Nxb3 7. Qxb3 b6 8. Qd5
Rb8 9. Bf4 Bb7 10. Qc4 Rc8 11. Na3 a6 12. Ng5 e6 13. Nf3 b5 14. Qb3 d5 15. e5
Ne7 16. O-O O-O 17. d4 cxd4 18. cxd4 Nc6 19. Rac1 Na5 20. Qe3 Nc4 21. Nxc4 dxc4
22. Bg5 Qd7 23. Bh6 Bxh6 24. Qxh6 Bxf3 25. gxf3 Qxd4 26. f4 Qxb2 27. Ra1 Rcd8
28. Qg5 c3 29. Rad1 Rxd1 30. Rxd1 c2 31. Rd8 c1=Q+ 32. Kg2 Kg7 0-1

[Event "Open DLF"]
[Site "Udine ITA"]
[Date "2007.02.14"]
[Round "4"]
[White "Tassinari, Luca"]
[Black "Biason, Adriano"]
[Result "1/2-1/2"]
[WhiteElo "1856"]
[BlackElo "1901"]
[PlyCount "67"]
[EventDate "2007.01.24"]

1. e4 e6 2. d4 d5 3. e5 c5 4. c3 cxd4 5. cxd4 Bb4+ 6. Bd2 Nc6 7. Nf3 Qb6 8. Be2
Nge7 9. Bxb4 Qxb4+ 10. Qd2 Nf5 11. Qxb4 Nxb4 12. Na3 Bd7 13. O-O O-O 14. Nb5 a6
15. Nc3 Rac8 16. g4 Nh6 17. h3 f6 18. Rad1 Nf7 19. exf6 gxf6 20. Kh2 Rxc3 21.
bxc3 Nxa2 22. Rb1 b5 23. Rb2 Nxc3 24. Ra1 Nxe2 25. Rxe2 Ra8 26. Rc2 Kf8 27. Nd2
Nd6 28. Nb3 Nc4 29. Nc5 Bc8 30. Re2 Ke7 31. Nxe6 Bxe6 32. Rae1 Ne5 33. dxe5 f5
34. Rc1 1/2-1/2

[Event "Open DLF"]
[Site "Udine ITA"]
[Date "2007.02.21"]
[Round "5"]
[White "Biason, Adriano"]
[Black "Capaliku, Aleks"]
[Result "0-1"]
[WhiteElo "1901"]
[BlackElo "2107"]
[PlyCount "48"]
[EventDate "2007.01.24"]

1. d4 d5 2. c4 e6 3. e3 f5 4. cxd5 exd5 5. Nc3 Nf6 6. Bd3 c6 7. Nge2 Bd6 8. Qc2
Ne4 9. Bxe4 fxe4 10. O-O Qh4 11. g3 Qg4 12. a3 O-O 13. Nf4 g5 14. Ng2 Qh5 15.
Qb3 Qf7 16. Qd1 Bh3 17. Qb3 h5 18. Nb1 Qf3 19. Ne1 Qf7 20. Ng2 Bg4 21. Nc3 Kg7
22. Bd2 Bh3 23. Rac1 h4 24. Nb1 Bxg2 0-1

[Event "Open DLF"]
[Site "Udine ITA"]
[Date "2007.02.21"]
[Round "5"]
[White "Cellante, Francesco"]
[Black "Paiaro, Solivano"]
[Result "1-0"]
[WhiteElo "1422"]
[BlackElo "1425"]
[PlyCount "71"]
[EventDate "2007.01.24"]

1. d4 d5 2. c4 b6 3. cxd5 Qxd5 4. Nc3 Qd8 5. e4 e6 6. Nf3 Bb4 7. Qa4+ Bd7 8.
Qxb4 Ne7 9. Bd3 O-O 10. O-O Nbc6 11. Qb3 Na5 12. Qc2 h6 13. Be3 f6 14. b4 Nac6
15. Qb3 a6 16. d5 exd5 17. exd5 Ne5 18. Nxe5 fxe5 19. d6+ Kh8 20. dxe7 Qxe7 21.
Rac1 a5 22. Nd5 Qd6 23. Nxc7 Rac8 24. Nb5 Bxb5 25. Bxb5 axb4 26. Rxc8 Rxc8 27.
h3 Rc3 28. Qf7 Rc2 29. Bc4 Qb8 30. Rd1 Rb2 31. Qe7 Kh7 32. Bd2 Qc8 33. Bd3+ Kh8
34. Bxh6 Qg8 35. Be3 Rxa2 36. Qh4+ 1-0

[Event "Open DLF"]
[Site "Udine ITA"]
[Date "2007.02.21"]
[Round "5"]
[White "Di Tomaso, Fausto"]
[Black "La Mura, Giuseppe"]
[Result "0-1"]
[WhiteElo "1541"]
[BlackElo "1901"]
[PlyCount "54"]
[EventDate "2007.01.24"]

1. d4 Nf6 2. c4 e5 3. dxe5 Ng4 4. Nf3 Nc6 5. Nc3 Ngxe5 6. Nxe5 Nxe5 7. e3 Bb4
8. Bd2 O-O 9. a3 Be7 10. Nd5 b6 11. Nxe7+ Qxe7 12. Bb4 d6 13. Bc3 Bb7 14. f3
Nxc4 15. Bxc4 Qh4+ 16. Kd2 Qxc4 17. Kc2 Qa4+ 18. b3 Qd7 19. Qd4 f6 20. Qc4+ d5
21. Qh4 Qf5+ 22. Kb2 Rae8 23. Rhe1 a5 24. Qf2 c5 25. g4 Qg6 26. Qg3 Qf7 27. b4
a4 0-1

[Event "Open DLF"]
[Site "Udine ITA"]
[Date "2007.02.21"]
[Round "5"]
[White "Dizorz, Marco"]
[Black "Alessandro, Sergio"]
[Result "0-1"]
[WhiteElo "1535"]
[BlackElo "1676"]
[PlyCount "57"]
[EventDate "2007.01.24"]

1. e4 c6 2. Nf3 d6 3. h3 Nf6 4. Nc3 e5 5. d4 Qa5 6. dxe5 dxe5 7. Bd3 Bb4 8. Bd2
O-O 9. a3 Bd6 10. O-O Qc7 11. Bg5 Nbd7 12. Ne2 b6 13. b4 Bb7 14. Ng3 c5 15. Qd2
c4 16. Be2 Nxe4 17. Nxe4 Bxe4 18. b5 c3 19. Qc1 Nc5 20. Be3 Ne6 21. Nh2 f5 22.
f3 Bb7 23. Rd1 e4 24. Qb1 Bxh2+ 25. Kf2 Qg3+ 26. Kf1 f4 27. Bf2 Qg6 28. Bc4
exf3 29. Bd5 0-1

[Event "Open DLF"]
[Site "Udine ITA"]
[Date "2007.02.21"]
[Round "5"]
[White "Gentile, Bruno"]
[Black "Menon, Michele"]
[Result "0-1"]
[WhiteElo "1404"]
[BlackElo "1777"]
[PlyCount "69"]
[EventDate "2007.01.24"]

1. b3 e5 2. Bb2 d6 3. d4 e4 4. e3 d5 5. Nc3 Nf6 6. Qd2 Bb4 7. O-O-O Be6 8. Qe2
Qe7 9. f3 O-O 10. h4 a5 11. a4 Bxc3 12. Bxc3 Nbd7 13. g4 exf3 14. Qxf3 Bxg4 15.
Qf4 Bxd1 16. Kxd1 Ne4 17. Bb2 Qb4 18. Rh2 Qd6 19. Nh3 Qxf4 20. Nxf4 Ndf6 21.
Rg2 c6 22. Nd3 Rab8 23. Ba3 Nc3+ 24. Kc1 Rfe8 25. Bd6 Rbd8 26. Be5 Nh5 27. Nf4
Nxf4 28. Rxg7+ Kf8 29. Rxh7 Ng6 30. Bf6 Rd6 31. Bg5 Ne4 32. Bh6+ Ke7 33. h5 Nh4
34. Bf4 Rf6 35. Be5 0-1

[Event "Open DLF"]
[Site "Udine ITA"]
[Date "2007.02.21"]
[Round "5"]
[White "Muradore, Aldo"]
[Black "Maestri, Roberto"]
[Result "0-1"]
[WhiteElo "1544"]
[BlackElo "1609"]
[PlyCount "78"]
[EventDate "2007.01.24"]

1. Nf3 d5 2. d4 Nf6 3. Nbd2 Nc6 4. g3 g6 5. e3 Bg4 6. Bg2 e5 7. dxe5 Nxe5 8. h3
Nxf3+ 9. Nxf3 Bf5 10. O-O c6 11. b3 Bg7 12. Bb2 O-O 13. g4 Be4 14. g5 Bxf3 15.
Bxf3 Ne4 16. Bxg7 Qxg5+ 17. Bg2 Kxg7 18. f4 Qf5 19. h4 Nc3 20. Qe1 Ne4 21. Rf3
Rfe8 22. Bh3 Qf6 23. f5 g5 24. h5 h6 25. Rc1 Qe5 26. f6+ Nxf6 27. Qf2 Rad8 28.
Rf1 Rd6 29. Rg3 Kh8 30. Bf5 Ne4 31. Bxe4 dxe4 32. Kg2 Rf8 33. Qe1 f5 34. Qb4
Rf7 35. c3 Rd2+ 36. Rf2 Rxf2+ 37. Kxf2 f4 38. Rg4 fxe3+ 39. Kxe3 Rf3+ 0-1

[Event "Open DLF"]
[Site "Udine ITA"]
[Date "2007.02.21"]
[Round "5"]
[White "Pontonutti, Luciana"]
[Black "Lagomarsino, Piero"]
[Result "0-1"]
[WhiteElo "1463"]
[BlackElo "1536"]
[PlyCount "88"]
[EventDate "2007.01.24"]

1. e4 e6 2. g3 Be7 3. Bg2 Nc6 4. Ne2 Nf6 5. d4 e5 6. d5 Nb8 7. Nbc3 d6 8. O-O
Bg4 9. Qd2 Qd7 10. f4 Bh3 11. f5 Bxg2 12. Kxg2 Na6 13. a3 Nc5 14. Kf3 a5 15. g4
h5 16. g5 Nh7 17. Rg1 g6 18. f6 Bxf6 19. gxf6 Qh3+ 20. Ng3 h4 21. Nb5 Kd7 22.
Nc3 hxg3 23. Rxg3 Qf1+ 24. Qf2 Qxf2+ 25. Kxf2 Nxf6 26. Rg2 Ncxe4+ 27. Kg1 Nxc3
28. bxc3 Nxd5 29. c4 Nb6 30. Bg5 Nxc4 31. Rf2 Rh7 32. a4 Nb6 33. c3 Rf8 34. Rc2
f6 35. Bd2 Nc4 36. Be1 Rfh8 37. Raa2 Ke6 38. Rg2 Rg8 39. Bg3 f5 40. Rae2 e4 41.
Bf2 f4 42. Ba7 b6 43. Rg5 Ne5 44. Kg2 Nf3 0-1

[Event "Open DLF"]
[Site "Udine ITA"]
[Date "2007.02.28"]
[Round "6"]
[White "Agostino, Alessandro"]
[Black "Dizorz, Marco"]
[Result "0-1"]
[WhiteElo "1592"]
[BlackElo "1535"]
[PlyCount "96"]
[EventDate "2007.01.24"]

1. f4 e6 2. Nf3 Nf6 3. e3 Nc6 4. Bb5 a6 5. Bxc6 bxc6 6. b3 Bc5 7. O-O O-O 8.
Bb2 h6 9. h3 Bb7 10. c4 d5 11. d4 Be7 12. c5 Ne4 13. Qe1 a5 14. Kh1 Ba6 15. Rg1
Bb5 16. a4 Bd3 17. Nc3 Bc2 18. Nxe4 Bxe4 19. Bc3 Bxf3 20. gxf3 Bh4 21. Qf1 Qf6
22. Be1 Bxe1 23. Qxe1 Qf5 24. Qg3 g6 25. Rg2 Rab8 26. Qh4 Kh7 27. Rg5 Qf6 28.
Rb1 Kg7 29. Rh5 Qxh4 30. Rxh4 Rb4 31. Rg4 Rfb8 32. h4 h5 33. Rg3 Rxb3 34. Re1
Ra3 35. e4 Rbb3 36. exd5 cxd5 37. Kg2 Rxa4 38. Re5 Kf6 39. f5 Ra2+ 40. Kf1 Rb1+
41. Re1 Rxe1+ 42. Kxe1 exf5 43. f4 a4 44. c6 a3 45. Kd1 Ke7 46. Rc3 Rh2 47.
Rxa3 Rxh4 48. Ra5 Kd6 0-1

[Event "Open DLF"]
[Site "Udine ITA"]
[Date "2007.02.28"]
[Round "6"]
[White "Alessandro, Sergio"]
[Black "Biason, Adriano"]
[Result "0-1"]
[WhiteElo "1676"]
[BlackElo "1901"]
[PlyCount "72"]
[EventDate "2007.01.24"]

1. d4 d6 2. c4 Nf6 3. Nc3 Bf5 4. Bf4 Nbd7 5. Nf3 Nh5 6. Qd2 Ndf6 7. h3 Ne4 8.
Nxe4 Bxe4 9. g4 Bxf3 10. exf3 Nxf4 11. Qxf4 e6 12. h4 h6 13. O-O-O Be7 14. Qe4
Bxh4 15. Qxb7 Bg5+ 16. Kc2 O-O 17. Bd3 d5 18. cxd5 exd5 19. Rhe1 Qd6 20. Re5 c6
21. Bf5 Rfb8 22. Qa6 Qb4 23. b3 Bf6 24. Re2 c5 25. Qc6 Bxd4 26. Kb1 Qc3 27.
Rxd4 Qxd4 28. Re7 c4 29. Bc2 cxb3 30. Bxb3 a5 31. Rb7 a4 32. Bxd5 Qd1+ 33. Kb2
a3+ 34. Kc3 Rc8 35. Bxf7+ Kh8 36. Rc7 Rxc7 0-1

[Event "Open DLF"]
[Site "Udine ITA"]
[Date "2007.02.28"]
[Round "6"]
[White "Capaliku, Aleks"]
[Black "Orsatti, Marcello"]
[Result "1/2-1/2"]
[WhiteElo "2107"]
[BlackElo "1767"]
[PlyCount "120"]
[EventDate "2007.01.24"]

1. a3 d5 2. e3 Nf6 3. c4 e6 4. f4 Be7 5. Nf3 Nbd7 6. d4 O-O 7. Bd3 dxc4 8. Bxc4
c5 9. O-O a6 10. Nbd2 b5 11. Bd3 Bb7 12. b3 cxd4 13. exd4 Nd5 14. Ne4 N7f6 15.
Qe1 Rc8 16. Ne5 Nc3 17. Nxf6+ Bxf6 18. Qe3 Qd5 19. Qh3 g6 20. Be3 Bg7 21. b4
Ne4 22. Rac1 Rxc1 23. Rxc1 Rc8 24. Rxc8+ Bxc8 25. Qf3 Bb7 26. Bxe4 Qxe4 27.
Qxe4 Bxe4 28. Nd7 Bb7 29. Kf2 Bc8 30. Nb6 Bb7 31. g3 Kf8 32. Nd7+ Ke7 33. Nc5
Bc8 34. Kf3 Kd6 35. Ke4 f5+ 36. Kd3 Kd5 37. Nb3 Bf6 38. h4 h5 39. Nc1 Be7 40.
Bd2 Bb7 41. Ne2 Bf8 42. Nc3+ Kd6 43. a4 Bc6 44. a5 Bb7 45. Nd1 Be4+ 46. Kc3 Bd5
47. Ne3 Kc6 48. Bc1 Kd6 49. Bb2 Bg7 50. Nd1 Be4 51. Kd2 Kd5 52. Ne3+ Kd6 53.
Ke2 Bd5 54. Nd1 Bc4+ 55. Ke3 Bd5 56. Nf2 Bc4 57. Nh3 Bf6 58. Ng1 Bd5 59. Ne2
Bc4 60. Nc3 Be7 1/2-1/2

[Event "Open DLF"]
[Site "Udine ITA"]
[Date "2007.02.28"]
[Round "6"]
[White "Degano, Emanuele"]
[Black "Cellante, Francesco"]
[Result "0-1"]
[WhiteElo "1623"]
[BlackElo "1422"]
[PlyCount "92"]
[EventDate "2007.01.24"]

1. e4 d5 2. exd5 Qxd5 3. Nc3 Qd6 4. Nb5 Qd8 5. Nf3 a6 6. Nc3 Nf6 7. d4 Qd6 8.
g3 b5 9. Bg2 Bb7 10. O-O e6 11. Bf4 Qb6 12. Be3 c5 13. a3 Nbd7 14. Ne5 Bxg2 15.
Kxg2 Rd8 16. dxc5 Bxc5 17. Nxd7 Rxd7 18. Qe2 O-O 19. Bg5 Be7 20. Rad1 Rfd8 21.
Rxd7 Rxd7 22. Rd1 Rxd1 23. Qxd1 h6 24. Be3 Qc6+ 25. Qf3 Qxf3+ 26. Kxf3 b4 27.
axb4 Bxb4 28. Ne4 Nd5 29. Bc5 f5 30. Bxb4 fxe4+ 31. Kxe4 Nxb4 32. c3 Nc6 33.
Kd3 Kf7 34. f4 Kf6 35. Kc4 g5 36. Kc5 Ne7 37. fxg5+ hxg5 38. Kb6 e5 39. Kc5 Ke6
40. b4 e4 41. Kd4 Kf5 42. h4 gxh4 43. gxh4 Kf4 44. c4 Kf3 45. b5 axb5 46. cxb5
e3 0-1

[Event "Open DLF"]
[Site "Udine ITA"]
[Date "2007.02.28"]
[Round "6"]
[White "Di Tomaso, Fausto"]
[Black "Maestri, Roberto"]
[Result "1/2-1/2"]
[WhiteElo "1541"]
[BlackElo "1609"]
[PlyCount "65"]
[EventDate "2007.01.24"]

1. d4 Nf6 2. c4 e5 3. dxe5 Ne4 4. Nf3 Bb4+ 5. Nbd2 O-O 6. a3 Nxd2 7. Bxd2 Bxd2+
8. Qxd2 Nc6 9. e3 Qe7 10. Qc3 Re8 11. Be2 Nxe5 12. Nxe5 Qxe5 13. Qxe5 Rxe5 14.
O-O d6 15. Rfd1 Bf5 16. Rd2 Rae8 17. Rad1 b6 18. Bf3 Be4 19. Bxe4 Rxe4 20. Rd4
a5 21. Rxe4 Rxe4 22. Rd4 f5 23. Rxe4 fxe4 24. f3 exf3 25. gxf3 Kf7 26. e4 c5
27. Kf2 Ke6 28. f4 g6 29. a4 Kf6 30. h4 h5 31. Kf3 Ke6 32. Ke3 Kf6 33. Kf3
1/2-1/2

[Event "Open DLF"]
[Site "Udine ITA"]
[Date "2007.02.28"]
[Round "6"]
[White "Guida, Giulia"]
[Black "Muradore, Aldo"]
[Result "0-1"]
[WhiteElo "1377"]
[BlackElo "1544"]
[PlyCount "74"]
[EventDate "2007.01.24"]

1. c4 c5 2. Nc3 Nf6 3. g3 Nc6 4. Bg2 Rb8 5. Nf3 g6 6. O-O Bg7 7. Rb1 O-O 8. a3
a6 9. d3 h6 10. Be3 d6 11. Qd2 Ng4 12. Nd5 Nxe3 13. Qxe3 e6 14. Nc3 b6 15. Ne1
Bb7 16. Qd2 Nd4 17. e4 Nb3 18. Qc2 Nd4 19. Qd2 h5 20. h4 f5 21. b4 cxb4 22.
axb4 f4 23. Nf3 Nxf3+ 24. Bxf3 fxg3 25. fxg3 Qf6 26. Ne2 Qe7 27. Nf4 Bd4+ 28.
Kg2 Rf6 29. Ne2 e5 30. Nxd4 exd4 31. Rbe1 Rbf8 32. Qg5 Qf7 33. Bxh5 Rxf1 34.
Bxg6 Rf2+ 35. Kh3 Qg7 36. h5 Bc8+ 37. g4 R8f3+ 0-1

[Event "Open DLF"]
[Site "Udine ITA"]
[Date "2007.02.28"]
[Round "6"]
[White "La Mura, Giuseppe"]
[Black "Tassinari, Luca"]
[Result "1-0"]
[WhiteElo "1901"]
[BlackElo "1856"]
[PlyCount "35"]
[EventDate "2007.01.24"]

1. c4 c5 2. Nc3 Nc6 3. Nf3 g6 4. e3 e6 5. d4 cxd4 6. Nxd4 a6 7. Be2 Bg7 8. Nxc6
bxc6 9. Qd6 Ne7 10. e4 O-O 11. Bg5 f6 12. Be3 Rf7 13. O-O Bf8 14. Qd2 Rb8 15.
Rad1 Qa5 16. b3 Bb7 17. b4 Qa3 18. Rb1 1-0

[Event "Open DLF"]
[Site "Udine ITA"]
[Date "2007.02.28"]
[Round "6"]
[White "Lagomarsino, Piero"]
[Black "Bisaro, Andrea"]
[Result "1/2-1/2"]
[WhiteElo "1536"]
[BlackElo "1506"]
[PlyCount "79"]
[EventDate "2007.01.24"]

1. e4 g6 2. g3 Bg7 3. Bg2 d6 4. Ne2 Nf6 5. O-O Nbd7 6. d4 O-O 7. c3 c5 8. Na3
cxd4 9. cxd4 a6 10. Nc2 Rb8 11. Nc3 b5 12. a3 Bb7 13. Re1 e5 14. d5 Nc5 15. Nb4
h5 16. Bg5 Qd7 17. Nd3 Nxd3 18. Qxd3 Qg4 19. Bd2 Qc8 20. b4 Nd7 21. Bh3 Qd8 22.
Rac1 Nb6 23. Rc2 Nc4 24. Bc1 Kh7 25. Nd1 Bc8 26. Bg2 f5 27. Ne3 Nxe3 28. Bxe3
f4 29. gxf4 exf4 30. Bd4 Qg5 31. Bxg7 f3 32. Qf1 Kxg7 33. Rc7+ Kh6 34. Kh1
fxg2+ 35. Qxg2 Qxg2+ 36. Kxg2 Rb6 37. Rec1 Bb7 38. Rd7 Rc8 39. Rxb7 Rxb7 40.
Rxc8 1/2-1/2

[Event "Open DLF"]
[Site "Udine ITA"]
[Date "2007.02.28"]
[Round "6"]
[White "Pontonutti, Luciana"]
[Black "Gentile, Bruno"]
[Result "0-1"]
[WhiteElo "1463"]
[BlackElo "1404"]
[PlyCount "66"]
[EventDate "2007.01.24"]

1. e4 e5 2. Nf3 d6 3. Nc3 Nd7 4. Bc4 Be7 5. d4 Ngf6 6. d5 Nc5 7. Nd2 Ng4 8. O-O
O-O 9. b4 Na6 10. Bxa6 bxa6 11. Nf3 f5 12. h3 Nf6 13. Qe2 fxe4 14. Nh2 Qe8 15.
Bg5 Qg6 16. Qe3 Bb7 17. Bxf6 Bxf6 18. Rad1 Bg5 19. Qxe4 Qf7 20. Ne2 Rab8 21. c4
Bc8 22. a3 Bf5 23. Qf3 Rbe8 24. g4 e4 25. Qxf5 Qxf5 26. gxf5 Rxf5 27. Nd4 Rf6
28. Ne6 Bh4 29. Ng4 Rg6 30. Kh1 Re7 31. Ne3 Rf7 32. Rd2 Rf3 33. Rd4 Rxh3# 0-1

[Event "Open DLF"]
[Site "Udine ITA"]
[Date "2007.03.07"]
[Round "7"]
[White "Biason, Adriano"]
[Black "Lagomarsino, Piero"]
[Result "1/2-1/2"]
[WhiteElo "1901"]
[BlackElo "1536"]
[PlyCount "74"]
[EventDate "2007.01.24"]

1. e4 e6 2. d4 d5 3. Nc3 Bb4 4. e5 c5 5. a3 Bxc3+ 6. bxc3 Ne7 7. Nf3 Nbc6 8.
Bd2 Bd7 9. Be2 Nf5 10. Bd3 cxd4 11. Bxf5 dxc3 12. Bxc3 exf5 13. Qxd5 Be6 14.
Qb5 Qc7 15. O-O O-O 16. Rfd1 Nd8 17. Bb4 a6 18. Qd3 Re8 19. Bd6 Qc8 20. Ng5 Bc4
21. Qd2 h6 22. Nf3 Nc6 23. Qf4 b5 24. Rd2 Ne7 25. Re1 Ng6 26. Qd4 Qc6 27. h4
Rad8 28. h5 Nf8 29. Qf4 Qc8 30. Nh4 Be6 31. Re3 Nh7 32. Rg3 f6 33. Qxh6 Qb7 34.
exf6 g5 35. hxg6 Nxf6 36. g7 Ng4 37. Bf8 Nxh6 1/2-1/2

[Event "Open DLF"]
[Site "Udine ITA"]
[Date "2007.03.07"]
[Round "7"]
[White "Bisaro, Andrea"]
[Black "Dizorz, Marco"]
[Result "1/2-1/2"]
[WhiteElo "1506"]
[BlackElo "1535"]
[PlyCount "101"]
[EventDate "2007.01.24"]

1. d4 d5 2. c4 c6 3. Nc3 Nf6 4. Nf3 Bf5 5. Nh4 Bd7 6. Nf3 h6 7. cxd5 cxd5 8.
Qb3 Bc6 9. Ne5 Nbd7 10. Nxc6 bxc6 11. e3 Nb6 12. Be2 e6 13. Qc2 Qc7 14. Bf3 Bd6
15. e4 dxe4 16. Nxe4 Nxe4 17. Bxe4 Rc8 18. g3 Bb4+ 19. Bd2 Bxd2+ 20. Qxd2 O-O
21. Rc1 Nd5 22. O-O Rfe8 23. Rc5 f5 24. Bg2 Qd6 25. Rfc1 Rc7 26. Qe1 Rec8 27.
b4 f4 28. b5 cxb5 29. Rxc7 Rxc7 30. Bxd5 Rxc1 31. Bxe6+ Qxe6 32. Qxc1 fxg3 33.
hxg3 Qxa2 34. Qc8+ Kh7 35. Qf5+ Kg8 36. d5 Qa1+ 37. Kg2 Qf6 38. Qc8+ Qf8 39.
Qc6 Qb8 40. d6 Qd8 41. d7 Kf7 42. Qxb5 Ke7 43. Qc5+ Ke6 44. Qxa7 Qxd7 45. Qxd7+
Kxd7 46. Kh3 Ke6 47. f4 Kf5 48. Kh4 g6 49. Kh3 g5 50. fxg5 hxg5 51. Kg2 1/2-1/2

[Event "Open DLF"]
[Site "Udine ITA"]
[Date "2007.03.07"]
[Round "7"]
[White "Cellante, Francesco"]
[Black "Di Tomaso, Fausto"]
[Result "0-1"]
[WhiteElo "1422"]
[BlackElo "1541"]
[PlyCount "50"]
[EventDate "2007.01.24"]

1. d4 d5 2. c4 c6 3. Nc3 e6 4. Nf3 Nf6 5. Bg5 Nbd7 6. e4 Qa5 7. e5 Ne4 8. Bd2
Nxd2 9. Qxd2 Be7 10. Bd3 dxc4 11. Bxc4 Nb6 12. Bb3 Nd5 13. O-O Bd7 14. a3 h6
15. Bc2 Nxc3 16. Qxc3 Qxc3 17. bxc3 O-O 18. a4 b5 19. Be4 a6 20. Rfb1 Rfb8 21.
axb5 axb5 22. g3 g5 23. h3 Kg7 24. Rxa8 Rxa8 25. Rxb5 Ra1+ 0-1

[Event "Open DLF"]
[Site "Udine ITA"]
[Date "2007.03.07"]
[Round "7"]
[White "Fusco, Ferdinando"]
[Black "Capaliku, Aleks"]
[Result "0-1"]
[WhiteElo "1612"]
[BlackElo "2107"]
[PlyCount "80"]
[EventDate "2007.01.24"]

1. d4 f5 2. Bg5 h6 3. Bh4 g5 4. Bg3 Nf6 5. Be5 Bg7 6. Bxf6 Bxf6 7. e3 g4 8. h3
h5 9. hxg4 fxg4 10. Qd3 Kf7 11. Nc3 c6 12. O-O-O d6 13. Nge2 e5 14. Ng3 h4 15.
Nge4 d5 16. Nxf6 Qxf6 17. dxe5 Qxe5 18. f3 Na6 19. Be2 Nc5 20. Qd2 g3 21. e4
dxe4 22. fxe4 Be6 23. Qe3 b6 24. Bf3 Ke7 25. a3 Bd7 26. Ne2 Ne6 27. Bg4 Rag8
28. Qd2 Qg5 29. Qxg5+ Rxg5 30. Bf5 Rgg8 31. Nf4 Nxf4 32. Rxd7+ Kf6 33. Bh3 Nxh3
34. gxh3 Ke5 35. Re7+ Kd6 36. Rxa7 Rf8 37. Rd1+ Ke5 38. Re7+ Kf4 39. Kd2 g2 40.
Rg1 Rhg8 0-1